La Revolución rusa

Gespeichert in:
Bibliographische Detailangaben
1. Verfasser: Pipes, Richard (VerfasserIn)
Format: Buch
Sprache:Spanisch
Veröffentlicht: Barcelona Random House Mondadori 2016
Ausgabe:1a. ed
Schlagworte:
Tags: Tag hinzufügen
Keine Tags, Fügen Sie den ersten Tag hinzu!

MARC

LEADER 00000cam a2200000 a 4500
001 UCD8257
003 CL-VaPUC
008 170508e20160000sp |||||||||||||||||spa|d
020 |a 9788499926537 
082 0 4 |a 947.084  |b PIP  |2 21 
100 0 |a Pipes, Richard  |e author  |9 592021 
245 1 3 |a La Revolución rusa 
250 |a 1a. ed 
300 |a 1046 p 
942 |c BK 
945 |d 20170508 01:31:00  |a dcastane 
260 |a Barcelona  |b Random House Mondadori  |c 2016 
650 7 |a REVOLUCION RUSA 1917  |2 CL-VaPUC  |9 366175 
650 0 |a Historia de Rusia  |9 343091 
650 0 |a Comunismo  |9 255588 
583 |a last modification  |c 20170508 01:31:00  |k Rodrigo Vera 
999 |c 367889  |d 367887 
952 |0 0  |1 0  |3 erd  |4 0  |6 947_084000000000000_PIP_2016  |7 0  |8 A  |9 483054  |a BIBHIS  |b BIBHIS  |i 5374731  |o 947.084 PIP 2016  |p 5374731  |r 2025-01-20  |w 2019-11-24  |y BK  |z Catalogado en:20170508  |k HIS